| 000 | 01109nam a22002537a 4500 | ||
|---|---|---|---|
| 005 | 20170124102941.0 | ||
| 010 | _aB-073110 | ||
| 020 | _c00.00 | ||
| 035 | _aB-073110 | ||
| 037 | _bCen Lib/Ret | ||
| 040 |
_aDPL _bHN |
||
| 082 |
_a821.08 _bराजेंद्र |
||
| 100 |
_aराजेंद्र _94570 |
||
| 245 |
_aलघु चम्पू काव्य एक विस्तृत अध्ययन / _cराजेंद्र |
||
| 246 |
_alaghu champukavya ek vistrit adhyyan _bby Rajendra |
||
| 260 |
_aनई दिल्ली _bभारतीय ज्ञानपीठ |
||
| 270 |
_a18,इंडस्ट्रियल एरिया लोधी रोड _bनई दिल्ली _e110003 |
||
| 300 |
_axi,562पृष्ठ. _c20सेमी (सजिल्द) |
||
| 650 |
_aसंस्कृत साहित्य _9442 |
||
| 650 |
_aचम्पू महाकाव्य _92082 |
||
| 650 |
_aSanskrit literature _948285 |
||
| 650 |
_aChampu mahakavya _948286 |
||
| 942 |
_2ddc _cHN _h821.08 _mराजेन्द्र |
||
| 999 |
_c112584 _d112584 |
||